| 000 | 00778nas a2200253 4500 | ||
|---|---|---|---|
| 001 | BR9209541 | ||
| 003 | BR-BrBNA | ||
| 005 | 20231205093305.0 | ||
| 007 | ta | ||
| 008 | 230509b bl.|||p| |||| 00| 00por d | ||
| 040 |
_aBR-BrBNA _bpor _cBiblioteca Nacional de Agricultura |
||
| 041 | _a(Pt) | ||
| 072 | _aM40 | ||
| 100 | 1 | _aTeixeira, R.L. | |
| 245 | 1 | _aAspectos da ecologia de alguns peixes do arroio Bom Jardim, Triunfo - Rio Grande do Sul | |
| 650 | _aPEIXE DE AGUA DOCE | ||
| 650 | _aNUTRICAO ANIMAL | ||
| 650 | _aHABITAT | ||
| 650 | _aECOLOGIA | ||
| 650 | _aRIO GRANDE DO SUL | ||
| 773 | 0 |
_tRevista Brasileira de Biologia (Brazil) _xISSN 0034-7108 _g(Feb 1989), v. 49(1) p. 183-192 _wBR9209541 |
|
| 909 |
_a202311 _bLúcia _c55 _dLúcia Elande |
||
| 942 |
_2AGRIS _n0 _cANA |
||
| 999 |
_c137333 _d137333 |
||